[Event "European Hybrid Qual 2021"]
[Site "Tornelo INT"]
[Date "2021.05.27"]
[Round "2.2"]
[White "Krasenkow, Michal"]
[Black "Yuffa, Daniil"]
[Result "1-0"]
[WhiteTitle "GM"]
[BlackTitle "GM"]
[WhiteElo "2597"]
[BlackElo "2587"]
[WhiteFideId "1113100"]
[BlackFideId "24131423"]
[EventDate "2021.05.24"]
[EventType "k.o."]

1. Nf3 d6 2. d4 Nf6 3. c4 g6 4. Nc3 Bg7 5. e4 O-O 6. Be2 Na6 7. O-O e5 8. Re1 c6
9. Bf1 Re8 10. dxe5 dxe5 11. Qxd8 Rxd8 12. Nxe5 Nb4 13. Re2 Be6 14. a3 Na6 15.
Be3 Nh5 16. f4 g5 17. g3 gxf4 18. gxf4 f6 19. Nf3 Bxc4 20. Rg2 Bxf1 21. Kxf1 f5
22. e5 h6 23. Nh4 Rd7 24. Nxf5 Rf8 25. e6 Rd3 26. e7 Re8 27. Ke2 Rd7 28. Rag1
Rdxe7 29. Nxe7+ Rxe7 30. Kf3 1-0

[Event "European Hybrid Qual 2021"]
[Site "Tornelo INT"]
[Date "2021.05.26"]
[Round "2.1"]
[White "Navara, David"]
[Black "Ibarra Jerez, Jose Carlos"]
[Result "1/2-1/2"]
[WhiteTitle "GM"]
[BlackTitle "GM"]
[WhiteElo "2697"]
[BlackElo "2558"]
[WhiteFideId "309095"]
[BlackFideId "2226332"]
[EventDate "2021.05.24"]
[EventType "k.o."]

1. e4 e6 2. d4 d5 3. Nd2 c5 4. Ngf3 cxd4 5. exd5 Qxd5 6. Bc4 Qd7 7. Nb3 Nc6 8.
Nbxd4 Nxd4 9. Qxd4 Qxd4 10. Nxd4 Bd7 11. Bf4 Rc8 12. Be2 f6 13. O-O-O e5 14.
Rhe1 Bb4 15. c3 Ne7 16. Nc2 Bc5 17. Be3 Bxe3+ 18. Nxe3 Be6 19. Bh5+ g6 20. Bf3
Rc7 21. Bd5 Nxd5 22. Nxd5 Bxd5 23. Rxd5 Rd7 24. Rb5 Kf7 25. Rd1 Rxd1+ 26. Kxd1
Rd8+ 27. Ke2 Rd7 28. a4 Ke6 29. a5 h5 30. h4 Kf5 31. Ke3 Rc7 32. f3 a6 33. Rb4
g5 34. g4+ Kg6 35. hxg5 hxg4 36. Rxg4 f5 37. Rg2 Rc5 38. f4 Rxa5 39. Rd2 exf4+
40. Kxf4 Rb5 41. Rd6+ Kg7 42. b4 a5 43. bxa5 Rxa5 44. Rb6 Rc5 45. Rxb7+ Kg6 46.
Rb6+ Kg7 47. Rb7+ Kg6 48. Rb3 Rc4+ 49. Ke5 Kxg5 50. Kd5 Rc8 51. c4 f4 52. c5 Kg4
53. c6 f3 54. Kd6 f2 55. Rb1 Kg3 56. c7 Kg2 57. Kd7 Rxc7+ 58. Kxc7 f1=Q 59. Rxf1
Kxf1 1/2-1/2

[Event "European Hybrid Qual 2021"]
[Site "Tornelo INT"]
[Date "2021.05.27"]
[Round "2.2"]
[White "Ibarra Jerez, Jose Carlos"]
[Black "Navara, David"]
[Result "1/2-1/2"]
[WhiteTitle "GM"]
[BlackTitle "GM"]
[WhiteElo "2558"]
[BlackElo "2697"]
[WhiteFideId "2226332"]
[BlackFideId "309095"]
[EventDate "2021.05.24"]
[EventType "k.o."]

1. e4 e5 2. Nf3 Nc6 3. d4 exd4 4. Nxd4 Nf6 5. Nxc6 bxc6 6. Bd3 d5 7. exd5 cxd5
8. O-O Be7 9. c4 O-O 10. cxd5 Bb7 11. Nc3 Nxd5 12. Bd2 Bf6 13. Ne4 Bxb2 14. Rb1
Nf6 15. Nxf6+ Bxf6 16. Qc2 Qd5 17. Bxh7+ Kh8 18. Rxb7 Qxb7 19. Qf5 Qb2 20. Be3
g5 21. h4 Qe5 22. hxg5 Qxf5 23. Bxf5 Bg7 24. Rc1 Rfd8 25. g3 Bd4 26. Bxd4+ Rxd4
27. Rxc7 Kg8 28. Bc2 Rg4 29. Bb3 Rf8 30. Rc5 Kg7 31. Kg2 Rd4 32. Rc7 a5 33. Ra7
a4 34. Bxa4 Rd5 35. Bb3 Rxg5 36. Rd7 Re5 37. Rd4 Ra8 38. Rd7 Rf8 39. Rd4 Ra8 40.
Rd7 Rf8 1/2-1/2

[Event "European Hybrid Qual 2021"]
[Site "Tornelo INT"]
[Date "2021.05.27"]
[Round "2.3"]
[White "Ibarra Jerez, Jose Carlos"]
[Black "Navara, David"]
[Result "1-0"]
[WhiteTitle "GM"]
[BlackTitle "GM"]
[WhiteElo "2558"]
[BlackElo "2697"]
[WhiteFideId "2226332"]
[BlackFideId "309095"]
[EventDate "2021.05.24"]
[EventType "k.o."]

1. e4 e5 2. Bc4 Nf6 3. d3 Bc5 4. Nf3 d6 5. O-O O-O 6. c3 Nc6 7. h3 h6 8. b4 Bb6
9. a4 a5 10. b5 Ne7 11. Nbd2 Ng6 12. Bb3 d5 13. exd5 Nxd5 14. Ne4 Bf5 15. Bxh6
Nxc3 16. Qc2 Nxe4 17. dxe4 Bxh3 18. Bg5 Qc8 19. gxh3 Qxh3 20. Qe2 Qg3+ 21. Kh1
Qh3+ 22. Kg1 Kh7 23. Be3 Qg4+ 24. Kh1 Rh8 25. Bxf7 Qh3+ 26. Nh2 Raf8 27. Bxg6+
Kxg6 28. Rg1+ Kh7 29. Rg3 Qh4 30. Rag1 Rf7 31. Bxb6 Kg8 32. R1g2 cxb6 33. Qc4
Rh7 34. Qc8+ Rf8 35. Qe6+ Kh8 36. Qxe5 Rd8 37. Rxg7 Rd1+ 38. Rg1 Rh5 1-0

[Event "European Hybrid Qual 2021"]
[Site "Tornelo INT"]
[Date "2021.05.27"]
[Round "2.4"]
[White "Navara, David"]
[Black "Ibarra Jerez, Jose Carlos"]
[Result "0-1"]
[WhiteTitle "GM"]
[BlackTitle "GM"]
[WhiteElo "2697"]
[BlackElo "2558"]
[WhiteFideId "309095"]
[BlackFideId "2226332"]
[EventDate "2021.05.24"]
[EventType "k.o."]

1. e4 e6 2. d4 d5 3. Nc3 Nf6 4. e5 Nfd7 5. f4 c5 6. Nf3 Nc6 7. Be3 Be7 8. Qd2
O-O 9. dxc5 Qa5 10. a3 Bxc5 11. Bxc5 Nxc5 12. O-O-O Bd7 13. Qe3 Rac8 14. Kb1 Qb6
15. h4 Ne4 16. Qe1 Nd4 17. Nxd5 exd5 18. Rxd4 Rxc2 19. Kxc2 Rc8+ 20. Bc4 Bf5 21.
Qb4 Qg6 22. Rg1 Ng5+ 23. Kb3 Nxf3 24. Bxd5 a5 25. h5 Bc2+ 26. Ka2 axb4 27. hxg6
b3+ 28. Ka1 Nxd4 29. gxf7+ Kf8 30. Rc1 b5 31. e6 Rd8 32. Re1 Ke7 33. g4 Rxd5 0-1

[Event "European Hybrid Qual 2021"]
[Site "Tornelo INT"]
[Date "2021.05.26"]
[Round "2.1"]
[White "Martinovic, Sasa"]
[Black "Kozul, Zdenko"]
[Result "1-0"]
[WhiteTitle "GM"]
[BlackTitle "GM"]
[WhiteElo "2548"]
[BlackElo "2597"]
[WhiteFideId "14509792"]
[BlackFideId "14502879"]
[EventDate "2021.05.24"]
[EventType "k.o."]

1. d4 Nf6 2. c4 g6 3. Nc3 Bg7 4. e4 d6 5. Nf3 O-O 6. Be2 e5 7. O-O Nbd7 8. Be3
b6 9. d5 Ng4 10. Bg5 f6 11. Bd2 Nh6 12. b4 Nf7 13. Qc2 Bh6 14. Kh1 a5 15. a3
Bxd2 16. Nxd2 Nh6 17. Nb3 f5 18. bxa5 bxa5 19. a4 fxe4 20. Nxe4 Nf6 21. Nxf6+
Qxf6 22. Nxa5 Bd7 23. Nc6 Bxc6 24. dxc6 Nf5 25. Bf3 Nd4 26. Bd5+ Kg7 27. Qc3 Ne6
28. a5 Nc5 29. Rab1 g5 30. Rb7 Qe7 31. Kg1 Ra6 32. Rb5 Qf6 33. Qe3 h6 34. g3 Qf5
35. Re1 g4 36. Re2 h5 37. Rxc5 dxc5 38. Be4 Qf6 39. Qxc5 Rd8 40. Bd5 Rb8 41. Be4
Rd8 42. Bd5 Rb8 43. Kg2 Rb3 44. Be4 Ra8 45. Rd2 Kh6 46. Rd7 Rf8 47. Rxc7 Rf3 48.
Kg1 1-0

[Event "European Hybrid Qual 2021"]
[Site "Tornelo INT"]
[Date "2021.05.27"]
[Round "2.2"]
[White "Kozul, Zdenko"]
[Black "Martinovic, Sasa"]
[Result "0-1"]
[WhiteTitle "GM"]
[BlackTitle "GM"]
[WhiteElo "2597"]
[BlackElo "2548"]
[WhiteFideId "14502879"]
[BlackFideId "14509792"]
[EventDate "2021.05.24"]
[EventType "k.o."]

1. d4 Nf6 2. c4 e6 3. g3 Bb4+ 4. Bd2 a5 5. Bg2 d5 6. a3 Be7 7. Nf3 c6 8. Qc2 O-O
9. O-O Nbd7 10. Nc3 b6 11. cxd5 cxd5 12. Rfc1 Ba6 13. Bf1 b5 14. Na2 Ne4 15. e3
Nxd2 16. Qxd2 Qb6 17. Ne1 b4 18. axb4 Bxf1 19. Kxf1 axb4 20. Nd3 Rfb8 21. Rcb1
Qb5 22. Kg2 g6 23. Nac1 Rc8 24. Rxa8 Rxa8 25. Nb3 Rc8 26. Ra1 Qb6 27. Qd1 Bd6
28. Nbc1 Nf6 29. Qc2 0-1

[Event "European Hybrid Qual 2021"]
[Site "Tornelo INT"]
[Date "2021.05.26"]
[Round "2.1"]
[White "Predke, Alexandr"]
[Black "Perunovic, Milos"]
[Result "1-0"]
[WhiteTitle "GM"]
[BlackTitle "GM"]
[WhiteElo "2690"]
[BlackElo "2567"]
[WhiteFideId "24107581"]
[BlackFideId "921629"]
[EventDate "2021.05.24"]
[EventType "k.o."]

1. e4 c5 2. Nf3 Nc6 3. Nc3 e6 4. d4 cxd4 5. Nxd4 Qc7 6. Be3 a6 7. g4 b5 8. Nxc6
Qxc6 9. Qd2 Bc5 10. Bxc5 Qxc5 11. O-O-O Ne7 12. f4 O-O 13. Bg2 Ra7 14. e5 Bb7
15. Bxb7 Rxb7 16. Kb1 Qc6 17. Qd3 b4 18. Ne4 Nd5 19. f5 Qb5 20. Nd6 Qxd3 21.
Rxd3 Rc7 22. g5 Rc5 23. f6 Nf4 24. Re3 Ng6 25. Rhe1 Rd5 26. Nc4 h6 27. fxg7 Kxg7
28. gxh6+ Kxh6 29. a3 Rd4 30. Na5 f6 31. exf6 Rxf6 32. Nb3 Rc4 33. axb4 Rxb4 34.
Rd3 d5 35. Nc5 Nf4 36. Rde3 a5 37. Nxe6 d4 38. Re4 d3 39. Rxb4 axb4 40. Nxf4
dxc2+ 41. Kxc2 Rxf4 42. Rg1 Kh5 43. Kb3 Re4 44. h3 Rh4 45. Rg3 Re4 46. Ka4 1-0

[Event "European Hybrid Qual 2021"]
[Site "Tornelo INT"]
[Date "2021.05.27"]
[Round "2.2"]
[White "Perunovic, Milos"]
[Black "Predke, Alexandr"]
[Result "0-1"]
[WhiteTitle "GM"]
[BlackTitle "GM"]
[WhiteElo "2567"]
[BlackElo "2690"]
[WhiteFideId "921629"]
[BlackFideId "24107581"]
[EventDate "2021.05.24"]
[EventType "k.o."]

1. e4 e5 2. Nf3 Nc6 3. d4 exd4 4. Nxd4 Nf6 5. Nxc6 bxc6 6. e5 Qe7 7. Qe2 Nd5 8.
Nd2 g6 9. c4 Ba6 10. Nf3 Qb4+ 11. Kd1 Nb6 12. b3 O-O-O 13. Bg5 f6 14. Bd2 Qa3
15. Kc2 d5 16. exd6 Bxd6 17. Qe3 Bb7 18. Bd3 Rhe8 19. Qh6 c5 20. Bc3 Re2+ 21.
Nd2 Rxf2 22. Rhf1 Rxf1 23. Bxf1 Be5 24. Qxh7 Bxc3 25. Qh3+ Nd7 26. Kxc3 f5 27.
Qe3 Ne5 28. Be2 Nc6 29. Nf3 Nb4 0-1

[Event "European Hybrid Qual 2021"]
[Site "Tornelo INT"]
[Date "2021.05.26"]
[Round "2.1"]
[White "Nasuta, Grzegorz"]
[Black "Saric, Ante"]
[Result "1-0"]
[WhiteTitle "GM"]
[BlackTitle "GM"]
[WhiteElo "2512"]
[BlackElo "2543"]
[WhiteFideId "1141686"]
[BlackFideId "14506254"]
[EventDate "2021.05.24"]
[EventType "k.o."]

1. e4 e5 2. Nf3 Nf6 3. Nc3 Nc6 4. Bb5 Bc5 5. O-O O-O 6. Nxe5 Nxe5 7. d4 Bd6 8.
f4 Neg4 9. e5 Bb4 10. f5 d6 11. exf6 Nxf6 12. Bg5 c6 13. Ne4 Kh8 14. Bd3 d5 15.
Nxf6 gxf6 16. Qh5 Rg8 17. Bh4 Bf8 18. Qxf7 Bg7 19. Rae1 Rf8 20. Qh5 Bd7 21. Re2
Qb6 22. Re7 Be8 23. Qg4 Bf7 24. b3 Rae8 25. Rfe1 Qb4 26. Rxe8 Rxe8 27. Rxe8+
Bxe8 28. Qf4 Qe7 29. a4 h5 30. Bf2 Kh7 31. Be3 Bf8 32. Kf2 Qd6 33. g3 Qxf4+ 34.
Bxf4 Bh6 35. Bxh6 Kxh6 36. h4 a5 37. c4 b6 38. c5 b5 39. b4 bxa4 40. bxa5 a3 41.
Bb1 Bd7 42. a6 Bc8 43. a7 Bb7 44. Ke3 Kg7 45. Kd2 Kf7 46. Kc3 Ke7 47. Bd3 Kd7
48. Be2 1-0

[Event "European Hybrid Qual 2021"]
[Site "Tornelo INT"]
[Date "2021.05.27"]
[Round "2.2"]
[White "Saric, Ante"]
[Black "Nasuta, Grzegorz"]
[Result "1-0"]
[WhiteTitle "GM"]
[BlackTitle "GM"]
[WhiteElo "2543"]
[BlackElo "2512"]
[WhiteFideId "14506254"]
[BlackFideId "1141686"]
[EventDate "2021.05.24"]
[EventType "k.o."]

1. d4 Nf6 2. c4 g6 3. Nf3 Bg7 4. e3 O-O 5. Be2 b6 6. Nc3 Bb7 7. d5 e6 8. e4 d6
9. O-O Nbd7 10. Qc2 a5 11. h3 Nc5 12. Be3 Re8 13. Rfe1 exd5 14. exd5 Rxe3 15.
fxe3 Qe7 16. Bf1 Nfd7 17. Nb5 Ne5 18. Rad1 Bc8 19. Nfd4 Bf6 20. g3 Bg7 21. b3 h5
22. Bg2 Na6 23. a3 Bd7 24. Kh1 Re8 25. Qc3 h4 26. g4 Bxg4 27. hxg4 Nxg4 28. Qd2
Bh6 29. Bf3 Nxe3 30. Rxe3 Qxe3 31. Qxe3 Rxe3 32. Kg2 Nc5 33. Nxc7 Nxb3 34. Ncb5
Bf4 35. Ne2 h3+ 36. Kf2 Bg5 37. Nxd6 Nc5 38. Bh1 Rxa3 39. Nb5 Rd3 40. Rxd3 Nxd3+
41. Kg3 Ne5 42. d6 Nxc4 43. Ned4 Ne5 44. Nc6 Nxc6 45. Bxc6 a4 46. Kxh3 Kf8 47.
Kg4 Bc1 48. d7 Ke7 49. Nd6 f5+ 50. Kf3 Bg5 51. Nb7 Ke6 52. Bxa4 Kd5 53. Bb3+ Kd4
54. Bf7 b5 55. Bxg6 b4 56. Bxf5 b3 57. d8=Q+ Bxd8 58. Nxd8 Kc3 59. Ne6 Kd2 60.
Nc5 b2 61. Na4 Kc1 62. Nc3 Kd2 63. Nb1+ Kc1 64. Kf4 Kd1 65. Ke5 Kc1 66. Kd4 Kd1
67. Kc3 Ke2 68. Bc2 Ke3 69. Kxb2 Kd4 70. Nd2 Kc5 71. Kc3 Kd5 72. Ne4 Ke5 73. Kd3
Kd5 74. Bb3+ Ke5 75. Ke3 Kf5 76. Bc4 Ke5 77. Ng3 Kf6 78. Kf4 Kg6 79. Ne4 Kg7 80.
Kf5 Kh8 81. Nd6 Kg7 82. Nf7 Kf8 83. Kf6 Ke8 84. Ne5 Kd8 85. Ke6 Kc7 86. Nd7 Kc6
87. Bd3 Kc7 88. Bb5 Kd8 89. Kd6 Ke8 90. Bc4 Kd8 91. Bf7 Kc8 92. Nc5 1-0

[Event "European Hybrid Qual 2021"]
[Site "Tornelo INT"]
[Date "2021.05.27"]
[Round "2.3"]
[White "Saric, Ante"]
[Black "Nasuta, Grzegorz"]
[Result "0-1"]
[WhiteTitle "GM"]
[BlackTitle "GM"]
[WhiteElo "2543"]
[BlackElo "2512"]
[WhiteFideId "14506254"]
[BlackFideId "1141686"]
[EventDate "2021.05.24"]
[EventType "k.o."]

1. Nf3 Nf6 2. g3 g6 3. b3 Bg7 4. Bb2 O-O 5. Bg2 d5 6. c4 Nc6 7. cxd5 Nxd5 8.
Bxg7 Kxg7 9. d4 Bg4 10. h3 Bxf3 11. Bxf3 Qd6 12. O-O e5 13. dxe5 Qxe5 14. Bxd5
Qxa1 15. Bxc6 bxc6 16. Qc2 Qf6 17. Nd2 Rfe8 18. Nf3 Qe6 19. Nd4 Qxh3 20. Qxc6
Rad8 21. Qxc7 Rxd4 22. Qc3 Re4 23. e3 Kg8 24. Qc6 Qd7 0-1

[Event "European Hybrid Qual 2021"]
[Site "Tornelo INT"]
[Date "2021.05.27"]
[Round "2.4"]
[White "Nasuta, Grzegorz"]
[Black "Saric, Ante"]
[Result "1/2-1/2"]
[WhiteTitle "GM"]
[BlackTitle "GM"]
[WhiteElo "2512"]
[BlackElo "2543"]
[WhiteFideId "1141686"]
[BlackFideId "14506254"]
[EventDate "2021.05.24"]
[EventType "k.o."]

1. e4 c5 2. c3 Nf6 3. e5 Nd5 4. Nf3 e6 5. d4 cxd4 6. cxd4 d6 7. Bc4 Be7 8. O-O
O-O 9. Qe2 b6 10. Rd1 Bb7 11. Bxd5 Bxd5 12. Nc3 Bxf3 13. Qxf3 d5 14. Qg4 f5 15.
exf6 Rxf6 16. Be3 Qd7 17. Rac1 Nc6 18. Ne2 Raf8 19. Ng3 Bd6 20. Qe2 Ne7 21. Re1
h6 22. Rc2 Ng6 23. Nh5 Rf5 24. Qg4 Kh7 25. Ng3 Bxg3 26. Qxg3 e5 27. Rec1 exd4
28. Rc7 Qa4 29. b3 Qxa2 30. Bxd4 R8f7 31. h3 Qd2 32. R1c6 Qg5 33. Qxg5 hxg5 34.
g3 Rf3 35. Rxf7 Rxf7 36. Rd6 Ne7 37. Rd7 Kg6 38. Rxa7 Nc8 39. Rxf7 Kxf7 40. Kg2
g6 41. Kf3 Ke6 42. Kg4 b5 43. Kxg5 Kf7 44. Kf4 Ke6 45. Kg5 Kf7 46. Kf4 Ke6 47.
Kg5 1/2-1/2

[Event "European Hybrid Qual 2021"]
[Site "Tornelo INT"]
[Date "2021.05.26"]
[Round "2.1"]
[White "Matlakov, Maxim"]
[Black "Alonso Rosell, Alvar"]
[Result "1-0"]
[WhiteTitle "GM"]
[BlackTitle "GM"]
[WhiteElo "2688"]
[BlackElo "2572"]
[WhiteFideId "4168003"]
[BlackFideId "2270544"]
[EventDate "2021.05.24"]
[EventType "k.o."]

1. e4 c5 2. Nf3 Nc6 3. Bb5 e6 4. O-O Nge7 5. Re1 a6 6. Bxc6 Nxc6 7. d4 cxd4 8.
Nxd4 d6 9. Nc3 Be7 10. Nxc6 bxc6 11. Qg4 g6 12. b3 e5 13. Qe2 Be6 14. Na4 O-O
15. c4 f6 16. f4 Rf7 17. Be3 Bf8 18. Rad1 Qc7 19. fxe5 fxe5 20. c5 d5 21. Nb6
Rd8 22. exd5 cxd5 23. b4 Be7 24. Bd4 e4 25. Rf1 Rf4 26. Qxa6 Bg4 27. Rxf4 Qxf4
28. Qb7 Qg5 29. h4 Qxh4 30. Nxd5 Bxd1 31. Nxe7+ Kf8 32. Nxg6+ hxg6 33. Qg7+ Ke8
34. Bf6 Qe1+ 35. Kh2 Rd7 36. Qg8# 1-0

[Event "European Hybrid Qual 2021"]
[Site "Tornelo INT"]
[Date "2021.05.27"]
[Round "2.2"]
[White "Alonso Rosell, Alvar"]
[Black "Matlakov, Maxim"]
[Result "1/2-1/2"]
[WhiteTitle "GM"]
[BlackTitle "GM"]
[WhiteElo "2572"]
[BlackElo "2688"]
[WhiteFideId "2270544"]
[BlackFideId "4168003"]
[EventDate "2021.05.24"]
[EventType "k.o."]

1. e4 e5 2. Nf3 Nc6 3. Bc4 Bc5 4. O-O Nf6 5. d3 h6 6. c3 d6 7. Re1 O-O 8. h3 Bb6
9. Bb3 Ne7 10. d4 Ng6 11. Nbd2 c6 12. Nf1 d5 13. exd5 e4 14. Ne5 cxd5 15. Nxg6
fxg6 16. Bf4 Kh7 17. Ne3 Nh5 18. Be5 Be6 19. Qd2 Rc8 20. Ng4 Bc7 21. Bxc7 Rxc7
22. Ne5 Nf4 23. Qe3 Rf5 24. Kh2 Qf6 25. g4 Rxe5 26. dxe5 Qxe5 27. Qg3 Rf7 28.
Rad1 h5 29. Re3 Kg8 30. f3 h4 31. Qxh4 Ne2+ 32. Kg2 exf3+ 33. Rxf3 Qe4 34. Qd8+
Kh7 35. Qh4+ Kg8 36. Qf2 Nf4+ 37. Kh2 Nxh3 38. Rxf7 Nxf2 39. Rxf2 Qxg4 40. Rd3
Qh4+ 41. Kg1 Qg5+ 42. Kf1 Qc1+ 43. Kg2 Qg5+ 44. Kf1 Qc1+ 45. Rd1 Qe3 46. Re2
Qf3+ 47. Ke1 Qg3+ 48. Kd2 Qf4+ 49. Re3 Qf2+ 50. Re2 Qf4+ 51. Re3 Qf2+ 52. Re2
Qf4+ 1/2-1/2

[Event "European Hybrid Qual 2021"]
[Site "Tornelo INT"]
[Date "2021.05.26"]
[Round "2.1"]
[White "Mchedlishvili, Mikheil"]
[Black "Shevchenko, Kirill"]
[Result "1/2-1/2"]
[WhiteTitle "GM"]
[BlackTitle "GM"]
[WhiteElo "2570"]
[BlackElo "2599"]
[WhiteFideId "13600966"]
[BlackFideId "14129574"]
[EventDate "2021.05.24"]
[EventType "k.o."]

1. d4 Nf6 2. c4 g6 3. Nc3 Bg7 4. e4 d6 5. Nf3 O-O 6. Be2 e5 7. Be3 Ng4 8. Bg5 f6
9. Bc1 Nc6 10. O-O f5 11. dxe5 Ngxe5 12. exf5 Bxf5 13. Be3 Kh8 14. Qd2 Nxf3+ 15.
Bxf3 Qh4 16. Bd5 Nb4 17. Rad1 Nxd5 18. cxd5 Be5 19. f4 Bg7 20. Nb5 Qe7 21. Rc1
Qd7 22. a4 c5 23. dxc6 bxc6 24. Nxd6 Rad8 25. Nxf5 Qxd2 26. Bxd2 Rxd2 27. Nxg7
Kxg7 28. b3 Rd3 29. Rxc6 Rxb3 30. g3 Ra3 31. Ra6 Rf6 32. Rxa7+ Rf7 33. Ra8 Rf8
34. Rxf8 Kxf8 35. f5 g5 36. Rd1 Rxa4 37. Rd7 h6 38. Rh7 Ra6 39. g4 Kg8 40. Re7
Ra4 41. h3 h5 42. gxh5 Rf4 43. Re5 Kg7 44. Rd5 Kh6 45. Kg2 Kxh5 46. Kg3 Rf1 47.
Rc5 Rf4 1/2-1/2

[Event "European Hybrid Qual 2021"]
[Site "Tornelo INT"]
[Date "2021.05.27"]
[Round "2.2"]
[White "Shevchenko, Kirill"]
[Black "Mchedlishvili, Mikheil"]
[Result "0-1"]
[WhiteTitle "GM"]
[BlackTitle "GM"]
[WhiteElo "2599"]
[BlackElo "2570"]
[WhiteFideId "14129574"]
[BlackFideId "13600966"]
[EventDate "2021.05.24"]
[EventType "k.o."]

1. e4 c5 2. c3 Nf6 3. e5 Nd5 4. Bc4 Nb6 5. Bb3 c4 6. Bc2 g6 7. Na3 d5 8. exd6
Qxd6 9. Qe2 Be6 10. Nf3 Bg7 11. b3 cxb3 12. axb3 Nc6 13. O-O O-O 14. d4 Rac8 15.
Rd1 Bd5 16. Nc4 Qc7 17. Bg5 e5 18. Nxb6 axb6 19. Be4 Bxb3 20. Rdb1 Na5 21. Qb5
exd4 22. Nxd4 Rfe8 23. Nxb3 Rxe4 24. Nxa5 bxa5 25. Qxa5 Bxc3 26. Qxc7 Rxc7 27.
Ra8+ Kg7 28. Be3 Rb4 29. Rxb4 Bxb4 30. Bd4+ f6 31. g4 Rc4 32. Rd8 Kf7 33. Be3
Rxg4+ 34. Kf1 Re4 35. Rh8 Kg7 36. Rd8 Re7 37. h4 h5 38. Kg2 Kf7 39. Bh6 b6 40.
Kf3 Bc5 41. Bc1 Rb7 42. Bb2 b5 43. Rc8 Be7 44. Ke3 b4 45. f4 b3 46. Kd3 Bf8 47.
Kc4 Bd6 48. Rh8 Kg7 49. Re8 Bxf4 50. Kc5 Kf7 51. Rh8 Ke6 52. Re8+ Kf5 53. Kc6
Rc7+ 54. Kd5 Rd7+ 55. Kc4 Rb7 56. Kd5 Be5 57. Bxe5 Rb5+ 58. Kc4 Rxe5 0-1

[Event "European Hybrid Qual 2021"]
[Site "Tornelo INT"]
[Date "2021.05.26"]
[Round "2.1"]
[White "Pantzar, Milton"]
[Black "Fedoseev, Vladimir3"]
[Result "0-1"]
[WhiteTitle "IM"]
[BlackTitle "GM"]
[WhiteElo "2421"]
[BlackElo "2687"]
[WhiteFideId "1721003"]
[BlackFideId "24130737"]
[EventDate "2021.05.24"]
[EventType "k.o."]

1. d4 Nf6 2. c4 e6 3. Nf3 d5 4. g3 Be7 5. Bg2 O-O 6. O-O c6 7. Qc2 b6 8. Nbd2
Bb7 9. e4 Na6 10. a3 Rc8 11. b4 dxc4 12. Nxc4 c5 13. e5 Nd5 14. dxc5 bxc5 15. b5
Nac7 16. a4 Nb4 17. Qb3 Be4 18. Bb2 Ncd5 19. Rfc1 a6 20. Nfd2 Bxg2 21. Kxg2 axb5
22. axb5 Qd7 23. Ne4 Qxb5 24. Qf3 Qc6 25. Ra7 Ra8 26. Rxa8 Qxa8 27. Ncd6 Qa2 28.
Ba3 f6 29. Bxb4 cxb4 30. exf6 Nxf6 31. Nxf6+ Bxf6 32. Qe4 Be7 33. Rc2 Qd5 34.
Qxd5 exd5 35. Nb5 Bf6 36. Rd2 b3 37. Rxd5 Ra8 38. Nd6 Rd8 39. Rb5 Rxd6 40. Rxb3
Rd2 41. h4 Kf7 42. Rb4 Bd4 0-1

[Event "European Hybrid Qual 2021"]
[Site "Tornelo INT"]
[Date "2021.05.27"]
[Round "2.2"]
[White "Fedoseev, Vladimir3"]
[Black "Pantzar, Milton"]
[Result "1-0"]
[WhiteTitle "GM"]
[BlackTitle "IM"]
[WhiteElo "2687"]
[BlackElo "2421"]
[WhiteFideId "24130737"]
[BlackFideId "1721003"]
[EventDate "2021.05.24"]
[EventType "k.o."]

1. e4 c6 2. Nc3 d5 3. Nf3 dxe4 4. Nxe4 Nf6 5. Nxf6+ exf6 6. Bc4 Be7 7. O-O O-O
8. h3 Na6 9. d4 Bf5 10. c3 Nc7 11. Re1 Nd5 12. Bd3 Bxd3 13. Qxd3 Re8 14. Bd2 a5
15. c4 Nb4 16. Qc3 b6 17. a3 Na6 18. Qb3 Rb8 19. Bf4 Rb7 20. Rad1 Bf8 21. Rxe8
Qxe8 22. Qa4 Qe6 23. Re1 Qd7 24. b4 g5 25. Bd2 b5 26. Qxa5 Nc7 27. Rc1 Ne6 28.
d5 cxd5 29. cxb5 Rxb5 30. Qa8 Kg7 31. Qc6 Qxc6 32. Rxc6 Rb7 33. Be3 Rb8 34. Ra6
Nc7 35. Ra5 Rb7 36. Nd4 Kg6 37. Nc6 h5 38. Kf1 h4 39. Ke2 Bd6 40. Kd3 f5 41. f3
g4 42. fxg4 fxg4 43. hxg4 f5 44. Bf2 fxg4 45. Bxh4 Ne6 46. g3 Nc7 47. Ne7+ Bxe7
48. Bxe7 Kf7 49. Bd6 Nb5 50. Bf4 Ke6 51. a4 Nc7 52. Rc5 Ne8 53. b5 Ra7 54. b6
Rxa4 55. b7 1-0

[Event "European Hybrid Qual 2021"]
[Site "Tornelo INT"]
[Date "2021.05.26"]
[Round "2.1"]
[White "Roebers, Eline"]
[Black "Salgado Lopez, Ivan"]
[Result "0-1"]
[BlackTitle "GM"]
[WhiteElo "2066"]
[BlackElo "2599"]
[WhiteFideId "1058401"]
[BlackFideId "2257327"]
[EventDate "2021.05.24"]
[EventType "k.o."]

1. e4 c5 2. Nf3 d6 3. d4 cxd4 4. Nxd4 Nf6 5. Nc3 a6 6. Bg5 e6 7. f4 Qc7 8. Qf3
b5 9. e5 Bb7 10. Bxb5+ axb5 11. Qe2 dxe5 12. Ndxb5 Qc6 13. O-O-O Bc5 14. Rhf1
Nfd7 15. fxe5 O-O 16. Rf3 Ra5 17. Rg3 Rc8 18. Rf1 Bf8 19. Nd4 Qc4 20. Qf2 Nxe5
21. Bf4 Nbd7 22. Nb3 Raa8 23. Nd2 Qc5 24. Be3 Qe7 25. Bg5 Qe8 26. Kb1 f5 27. Re1
Ng4 28. Qe2 Bd6 29. Rd3 Bxh2 30. Qxe6+ Qxe6 31. Rxe6 Nc5 32. Rb6 Bxg2 33. Rd4
Bc7 34. Rb5 Ne6 35. Rdb4 Ba5 0-1

[Event "European Hybrid Qual 2021"]
[Site "Tornelo INT"]
[Date "2021.05.27"]
[Round "2.2"]
[White "Salgado Lopez, Ivan"]
[Black "Roebers, Eline"]
[Result "1-0"]
[WhiteTitle "GM"]
[WhiteElo "2599"]
[BlackElo "2066"]
[WhiteFideId "2257327"]
[BlackFideId "1058401"]
[EventDate "2021.05.24"]
[EventType "k.o."]

1. d4 f5 2. g3 Nf6 3. Bg2 g6 4. Nd2 Nc6 5. d5 Ne5 6. e4 c6 7. exf5 cxd5 8. fxg6
hxg6 9. Ngf3 d6 10. Nxe5 dxe5 11. c4 e6 12. O-O Qc7 13. cxd5 exd5 14. Nf3 Bg4
15. Qa4+ Bd7 16. Qb3 Bc6 17. Bg5 Ne4 18. Rfe1 Bg7 19. Rxe4 dxe4 20. Qe6+ Kf8 21.
Nh4 Be8 22. Rc1 Bf7 23. Nxg6+ Kg8 24. Ne7+ Kf8 25. Qxf7+ 1-0